000 00615cam a2200205 a 4500
001 000023292
005 20200930022122.0
008 840920s1987 sp 000 0 spa
020 _a8420615323
040 _aDO-SdBNP
_bspa
_cBNPHU
082 _a863.6
_bC392v
100 1 _aCela, Camilo José,
_d1916-2002
_93188
245 1 0 _aVísperas, festividad y octava de San Camilo del año 1936 en Madrid /
_cCamilo José Cela.
250 _a6a reimp.
260 _aMadrid :
_bAlianza,
_c1987.
300 _a335 p. ;
_c18 cm.
650 4 _aNovela española
_91123
650 4 _aLiteratura española
_9632
049 _aBNGR
999 _c22789
_d22789